000 00924cam6a220028900 4500
001 zam00003730
008 951128s1994 xx eng u
035 _a(Sirsi) r21049
035 _a(MACHINE)SLC.
100 1 _aTembo, G.
_6A82690.1
245 1 0 _aMeeting the problems of African Economies :
_bIs str. Adj. the ...
260 _c1994.
949 _aTEM1-MEE
_wlcc
_mMAIN
_tBOOK
_lON-SHELF
949 _aTEM1-MEE
_wlcc
_mMAIN
_tBOOK
_lON-SHELF
949 _aTEM1-MEE
_wlcc
_mMAIN
_tBOOK
_lON-SHELF
949 _aTEM1-MEE
_wlcc
_mMAIN
_tBOOK
_lON-SHELF
949 _aTEM1-MEE
_wlcc
_mMAIN
_tBOOK
_lON-SHELF
949 _aTEM1-MEE
_wlcc
_mMAIN
_tBOOK
_lON-SHELF
004 21049
591 _aClass code: ED 110.
591 _aCourse: Education and development.
591 _aSchool: S03.
591 _aLecturer: Prof. KELLY, M.J.
591 _aNumber of Students: 236.
900 _2MAIN
_8TEM1-MEE
_c6
909 _aReprint
999 _c172601
_d172601